000 00471nam a2200181Ia 4500
001 10724
005 20260306161853.0
008 260306t2003||||xx |||||||||||||| ||spa||
041 _aESP
082 _a946.082
_bR78
100 _aRojas, Carlos
_eAUT
245 0 _aDiez crisis del franquismo:
_bacontecimientos que desestabilizaron la dictadura
260 _c2003
300 _a294 páginas :
_c25 cm.
650 _aGEN
654 _aCHU
942 _cLIB
_dJUS
_fJUS
_2ddc
_n
999 _c10724
_d10724